000 00445nam a2200169Ia 4500
005 20240610005345.0
008 240331s9999 xx 000 0 und d
020 _a9558085006
082 _a305.8
_bNEG.
245 0 _aNegotiating peace in Sri Lanka :
_befforts, failures and Lessons
260 _aUK
_bInternational Alert
_c1988
300 _ax, 420 p .,
650 _aLaw
650 _aPolitical
700 _aRupesinghe,K.
_eedt
942 _cL
999 _c4475
_d4475